000 00564nam a22001817a 4500
005 20251108172955.0
008 250721s1986 xx 000 0 ara d
082 1 4 _a411.4/يعق
100 1 _aيعقوب، إميل
245 1 0 _aالخط العربي : نشأته , تطوره , مشكلاته , دعوات إصلاحه /
264 1 _aطرابلس (لبنان) :
_bجروس برس،
_c1986.
300 _a158ص
650 1 7 _aالخط العربي
650 1 7 _aالكتابة
650 1 7 _aاللغة العربية
942 _2ddc
_cBK
999 _c93144
_d93144